माया महाठगनी हम जानी : (Record no. 118472)
[ view plain ]
| 000 -LEADER | |
|---|---|
| fixed length control field | 01180nam a22002537a 4500 |
| 005 - DATE AND TIME OF LATEST TRANSACTION | |
| control field | 20170124103114.0 |
| 010 ## - LIBRARY OF CONGRESS CONTROL NUMBER | |
| LC control number | B-031993 |
| 020 ## - INTERNATIONAL STANDARD BOOK NUMBER | |
| Terms of availability | 125.00 |
| 035 ## - SYSTEM CONTROL NUMBER | |
| System control number | B-031993 |
| 037 ## - SOURCE OF ACQUISITION | |
| Source of stock number/acquisition | Cen Lib/Ret |
| 040 ## - CATALOGING SOURCE | |
| Original cataloging agency | DPL |
| Language of cataloging | HN |
| 082 ## - DEWEY DECIMAL CLASSIFICATION NUMBER | |
| Classification number | क |
| Item number | झाशोभा |
| 100 ## - MAIN ENTRY--PERSONAL NAME | |
| Personal name | झा, शोभाकांत |
| 9 (RLIN) | 80339 |
| 245 ## - TITLE STATEMENT | |
| Title | माया महाठगनी हम जानी : |
| Statement of responsibility, etc | शोभाकांत झा |
| Remainder of title | कहानी-संग्रह / |
| 246 ## - VARYING FORM OF TITLE | |
| Title proper/short title | Maya mahathagni hum jani : kahani-sangreh / |
| Remainder of title | by Shobhakant Jha |
| 260 ## - PUBLICATION, DISTRIBUTION, ETC. (IMPRINT) | |
| Place of publication, distribution, etc | दिल्ली |
| Name of publisher, distributor, etc | नीरज बुक सेंटर |
| Date of publication, distribution, etc | 2001 |
| 270 ## - ADDRESS | |
| Address | आर्यनगर ग्रुप हाउसिंग सोसाइटी प्लाट नं. सी-32 आई. पी. एक्स. पटपड़गंज |
| City | दिल्ली |
| Postal code | 110092 |
| 300 ## - PHYSICAL DESCRIPTION | |
| Extent | 117पृ. |
| Dimensions | 21सेमी(सजिल्द ) |
| 650 ## - SUBJECT ADDED ENTRY--TOPICAL TERM | |
| Topical term or geographic name as entry element | साहित्य--कहानियां |
| General subdivision | |
| Geographic subdivision | |
| 9 (RLIN) | 80340 |
| 650 ## - SUBJECT ADDED ENTRY--TOPICAL TERM | |
| Topical term or geographic name as entry element | हिंदी कहानियां |
| 9 (RLIN) | 2082 |
| 650 ## - SUBJECT ADDED ENTRY--TOPICAL TERM | |
| Topical term or geographic name as entry element | Literature--Stories |
| Form subdivision | |
| 9 (RLIN) | 80341 |
| 650 ## - SUBJECT ADDED ENTRY--TOPICAL TERM | |
| Topical term or geographic name as entry element | Hindi Stories |
| 9 (RLIN) | 80342 |
| 942 ## - ADDED ENTRY ELEMENTS (KOHA) | |
| Source of classification or shelving scheme | Dewey Decimal Classification |
| Koha item type | Hindi Books |
| Classification part | क |
| Call number suffix | झाशोभा |
| Withdrawn status | Lost status | Damaged status | Not for loan | Home library | Current library | Date acquired | Source of acquisition | Cost, normal purchase price | Total Checkouts | Full call number | Barcode | Date last seen | Copy number | Cost, replacement price | Price effective from | Koha item type |
|---|---|---|---|---|---|---|---|---|---|---|---|---|---|---|---|---|
| Central Library | Central Library | 11/09/2015 | Cen Lib/Ret | 125.00 | क झाशोभा | B-031993 | 11/09/2015 | 1 | 125.00 | 11/09/2015 | Hindi Books |
